Comparative religion / (Record no. 40791)
[ view plain ]
| 000 -LEADER | |
|---|---|
| fixed length control field | 00722nam a2200265 a 4500 |
| 001 - CONTROL NUMBER | |
| control field | 40791 |
| 003 - CONTROL NUMBER IDENTIFIER | |
| rucl marc code | BD-RjUL |
| 005 - DATE AND TIME OF LATEST TRANSACTION | |
| control field | 20211209053259.0 |
| 008 - FIXED-LENGTH DATA ELEMENTS--GENERAL INFORMATION | |
| fixed length control field | 160510s1962 enk b 001 0 eng |
| 020 ## - INTERNATIONAL STANDARD BOOK NUMBER | |
| Terms of availability | L.1.95 |
| 035 ## - SYSTEM CONTROL NUMBER | |
| System control number | (BD-RjUL)40906 |
| System control number | 834771 |
| 040 ## - CATALOGING SOURCE | |
| Original cataloging agency | LC |
| Language of cataloging | eng |
| Transcribing agency | BD-RjUL |
| Modifying agency | VGT |
| 041 ## - LANGUAGE CODE | |
| Language code of text/sound track or separate title | eng |
| 082 04 - DEWEY DECIMAL CLASSIFICATION NUMBER | |
| Classification number | 291 |
| Edition number | 23 |
| Author mark and year | PAC 1962 |
| 100 1# - MAIN ENTRY--PERSONAL NAME | |
| Personal name | Parrinder, Geoffrey |
| Dates associated with a name | 1910- |
| 9 (RLIN) | 125523 |
| 245 10 - TITLE STATEMENT | |
| Title | Comparative religion / |
| Statement of responsibility, etc. | Geoffrey Parrinder. |
| 250 ## - EDITION STATEMENT | |
| Edition statement | 2nd ed. |
| 260 ## - PUBLICATION, DISTRIBUTION, ETC. (IMPRINT) | |
| Place of publication, distribution, etc. | London : |
| Name of publisher, distributor, etc. | Sheldon Press, |
| Date of publication, distribution, etc. | 1977. |
| 300 ## - PHYSICAL DESCRIPTION | |
| Pagination | 3-130 p. ; |
| Size | 20 cm. |
| 504 ## - BIBLIOGRAPHY, ETC. NOTE | |
| Bibliography, etc | Includes bibliographical references and index. |
| 650 #0 - SUBJECT ADDED ENTRY--TOPICAL TERM | |
| Topical term or geographic name as entry element | Religions. |
| 9 (RLIN) | 125145 |
| 942 ## - ADDED ENTRY ELEMENTS (KOHA) | |
| Source of classification or shelving scheme | Dewey Decimal Classification |
| Koha item type | Books |
| Lost status | Source of classification or shelving scheme | Damaged status | Not for loan | Collection code | Permanent Location | Current Location | Shelving location | Date acquired | Source of acquisition | Cost, normal purchase price | Total Checkouts | Full call number | Date last seen | Date checked out | Copy number | Koha item type |
|---|---|---|---|---|---|---|---|---|---|---|---|---|---|---|---|---|
| Dewey Decimal Classification | Non-fiction | Central Library, University of Rajshahi | Central Library, University of Rajshahi | 11/07/1963 | Jhamas | 13.45 | 4 | 291 PAC 1962 | 23/08/2017 | 04/06/2017 | C-2 | Books |